000
00329nam a2200133Ia 4500
008
150201s2007 xx 000 0 und d
082
_a
616.01
_b
M07C
100
_a
CHAKARBORTY,P
245
2
_a
A TB OF MICROBIOLOGY
250
_a
1ST
260
_b
NEW CENTRAL BOOK AGENCY
_a
DELHI
_c
2007
650
_a
MICROBIOLOGY
942
_2
ddc
_c
BK
_0
7
999
_c
773
_d
773